[Event "BL2 West 1920 (Women)"]
[Site "Germany"]
[Date "2020.02.16"]
[Round "7.1"]
[White "Kopylov, Luba"]
[Black "Cosma, Elena Luminita"]
[Result "1/2-1/2"]
[WhiteElo "2018"]
[BlackElo "2315"]
[PlyCount "92"]
[EventDate "2019.09.14"]
[EventType "team-tourn"]
[EventRounds "7"]
[EventCountry "GER"]
[SourceTitle "EXT 2021"]
[Source "ChessBase"]
[SourceDate "2020.10.23"]
[SourceVersion "1"]
[SourceVersionDate "2020.10.23"]
[SourceQuality "1"]
[WhiteTeam "Luebeck (W)"]
[BlackTeam "Hemer (W)"]
[WhiteTeamCountry "GER"]
[BlackTeamCountry "GER"]

1. d4 d5 2. c4 e6 3. cxd5 exd5 4. Nc3 c6 5. Qc2 g6 6. Bf4 Bf5 7. Qd2 Nf6 8. f3 Bd6 9. Bg5 Be7 10. Bh6 Nbd7 11. g4 Be6 12. e3 Bf8 13. Bf4 Nb6 14. Bd3 Bd6 15. Nge2 h5 16. g5 Ng8 17. h4 Ne7 18. e4 Qd7 19. 0-0-0 0-0-0 20. Kb1 Kb8 21. Nc1 dxe4 22. fxe4 Bxf4 23. Qxf4+ Qd6 24. Qf6 Rhe8 25. d5 Bg4 26. Qxd6+ Rxd6 27. Rdf1 cxd5 28. e5 Re6 29. Rxf7 Rxe5 30. a4 a6 31. Rhf1 Bf5 32. Bxf5 Nxf5 33. Nd3 R5e7 34. Rf6 Nc4 35. R1xf5 gxf5 36. Nxd5 Re4 37. b3 Ne3 38. N5f4 Rd4 39. g6 Nd5 40. Rxf5 Nxf4 41. Nxf4 Rd2 42. Kc1 Rh2 43. Kd1 Rd8+ 44. Ke1 Rc8 45. Kd1 Rd8+ 46. Ke1 Rc8 1/2-1/2

[Event "BL2 West 1920 (Women)"]
[Site "Germany"]
[Date "2020.02.15"]
[Round "6.1"]
[White "Freitag, Julia"]
[Black "Kopylov, Luba"]
[Result "0-1"]
[WhiteElo "2120"]
[BlackElo "2018"]
[PlyCount "62"]
[EventDate "2019.09.14"]
[EventType "team-tourn"]
[EventRounds "7"]
[EventCountry "GER"]
[SourceTitle "EXT 2021"]
[Source "ChessBase"]
[SourceDate "2020.10.23"]
[SourceVersion "1"]
[SourceVersionDate "2020.10.23"]
[SourceQuality "1"]
[WhiteTeam "Steinfurt (W)"]
[BlackTeam "Luebeck (W)"]
[WhiteTeamCountry "GER"]
[BlackTeamCountry "GER"]

1. d4 Nf6 2. e3 g6 3. f4 Bg7 4. Nf3 0-0 5. c3 d6 6. Bc4 c5 7. 0-0 Nc6 8. Qe1 Qc7 9. Nbd2 e5 10. fxe5 dxe5 11. dxc5 e4 12. Ng5 Qe5 13. Qh4 h6 14. Ngxe4 Ng4 15. Rf3 Be6 16. Bxe6 Qxe6 17. h3 f5 18. hxg4 fxe4 19. Rxf8+ Bxf8 20. g5 Re8 21. gxh6 Bxc5 22. Nb3 Be7 23. Qg3 Bd6 24. Qg5 Rf8 25. Nd4 Qf7 26. Nf5 Qxf5 27. Qxf5 Rxf5 28. Bd2 Ne5 29. b3 Ng4 30. c4 Bh2+ 31. Kh1 Bg3 0-1

[Event "BL2 West 1920 (Women)"]
[Site "Germany"]
[Date "2019.09.14"]
[Round "1.1"]
[White "Brunner, Sophia"]
[Black "Kopylov, Luba"]
[Result "0-1"]
[WhiteElo "1968"]
[BlackElo "2018"]
[PlyCount "44"]
[EventDate "2019.09.14"]
[EventType "team-tourn"]
[EventRounds "7"]
[EventCountry "GER"]
[SourceTitle "EXT 2021"]
[Source "ChessBase"]
[SourceDate "2020.10.23"]
[SourceVersion "1"]
[SourceVersionDate "2020.10.23"]
[SourceQuality "1"]
[WhiteTeam "Delmenhorst (W)"]
[BlackTeam "Luebeck (W)"]
[WhiteTeamCountry "GER"]
[BlackTeamCountry "GER"]

1. d4 Nf6 2. Nf3 g6 3. g3 d5 4. Bg2 Bg7 5. 0-0 0-0 6. c4 c6 7. Qb3 Qb6 8. c5 Qxb3 9. axb3 Na6 10. Bd2 Ne4 11. Ra4 e5 12. e3 exd4 13. exd4 Bf5 14. Nc3 Nxd2 15. Nxd2 Bd3 16. Rd1 Nc7 17. Nf3 Bc2 18. Rc1 Bxb3 19. Rb4 Bc4 20. Rxb7 Ne6 21. Rd1 Rfb8 22. Rc7 Nxc7 0-1

[Event "GER-ch (Women)"]
[Site "chess24.com INT"]
[Date "2019.06.01"]
[Round "9"]
[White "Kopylov, Luba"]
[Black "Freter, Anke"]
[Result "1/2-1/2"]
[WhiteElo "2078"]
[BlackElo "1873"]
[PlyCount "50"]
[EventDate "2019.05.26"]
[EventType "swiss"]
[EventRounds "9"]
[EventCountry "GER"]
[SourceTitle "EXT 2020"]
[Source "ChessBase"]
[SourceDate "2019.10.17"]
[SourceVersion "1"]
[SourceVersionDate "2019.10.17"]
[SourceQuality "1"]
[WhiteTeam "Germany"]
[BlackTeam "Germany"]
[WhiteTeamCountry "GER"]
[BlackTeamCountry "GER"]

1. d4 Nf6 2. g3 d5 3. c4 c6 4. Bg2 g6 5. Nc3 Bg7 6. cxd5 cxd5 7. Nf3 0-0 8. Ne5 e6 9. 0-0 Nc6 10. Bg5 Qb6 11. Na4 Qa5 12. Nxc6 bxc6 13. Rc1 Rb8 14. Bf4 Rb4 15. b3 Rb5 16. Bd6 Re8 17. Rxc6 Bb7 18. Rc2 Ne4 19. Bc7 Qb4 20. e3 h5 21. f3 Nd6 22. Nc3 Nf5 23. Nxb5 Nxe3 24. Qe2 Nxc2 25. Qxc2 Qxb5 1/2-1/2

[Event "GER-ch (Women)"]
[Site "chess24.com INT"]
[Date "2019.05.31"]
[Round "8"]
[White "Kopylov, Luba"]
[Black "Ries, Jutta"]
[Result "0-1"]
[WhiteElo "2078"]
[BlackElo "2017"]
[PlyCount "124"]
[EventDate "2019.05.26"]
[EventType "swiss"]
[EventRounds "9"]
[EventCountry "GER"]
[SourceTitle "EXT 2020"]
[Source "ChessBase"]
[SourceDate "2019.10.17"]
[SourceVersion "1"]
[SourceVersionDate "2019.10.17"]
[SourceQuality "1"]
[WhiteTeam "Germany"]
[BlackTeam "Germany"]
[WhiteTeamCountry "GER"]
[BlackTeamCountry "GER"]

1. d4 Nf6 2. g3 d5 3. c4 c6 4. Bg2 Nbd7 5. Nf3 g6 6. 0-0 dxc4 7. Qc2 Nb6 8. Nbd2 Bg7 9. Nxc4 Bf5 10. Qb3 Be6 11. Nfe5 Qxd4 12. Be3 Bxc4 13. Bxd4 Bxb3 14. axb3 0-0 15. Bc5 Nfd7 16. Nxd7 Nxd7 17. Bxe7 Rfe8 18. Ba3 Rxe2 19. Rfd1 Nb6 20. Bc5 Ree8 21. Ra2 Bf6 22. Rda1 Nc8 23. Bh3 a6 24. Rd1 Rd8 25. Raa1 Ne7 26. Bb6 Rxd1+ 27. Rxd1 Nd5 28. Bd4 Bxd4 29. Rxd4 f5 30. g4 fxg4 31. Bxg4 Kf7 32. Kg2 Rd8 33. Kg3 Kf6 34. f4 Re8 35. Kf2 h5 36. Bf3 Rd8 37. Be4 Rd6 38. Kf3 Ke7 39. Rd2 Kf6 40. Rg2 Ne7 41. Ke3 Nf5+ 42. Bxf5 Kxf5 43. Rg5+ Kf6 44. h4 Rd1 45. f5 Rd5 46. Rxg6+ Kxf5 47. Rg5+ Kf6 48. Rg3 Rb5 49. Kd2 Rb4 50. Rh3 Kf5 51. Kc3 a5 52. Rg3 Rxh4 53. Rg8 Rb4 54. Kc2 h4 55. Kc3 Kf4 56. Ra8 b6 57. Rc8 c5 58. Rh8 Kg3 59. Rh7 h3 60. Rh6 h2 61. Rh7 Rh4 62. Rg7+ Kh3 0-1

[Event "GER-ch (Women)"]
[Site "chess24.com INT"]
[Date "2019.05.29"]
[Round "5"]
[White "Kopylov, Luba"]
[Black "Von Herman, Brigitte"]
[Result "0-1"]
[WhiteElo "2078"]
[BlackElo "2064"]
[PlyCount "116"]
[EventDate "2019.05.26"]
[EventType "swiss"]
[EventRounds "9"]
[EventCountry "GER"]
[SourceTitle "EXT 2020"]
[Source "ChessBase"]
[SourceDate "2019.10.17"]
[SourceVersion "1"]
[SourceVersionDate "2019.10.17"]
[SourceQuality "1"]
[WhiteTeam "Germany"]
[BlackTeam "Germany"]
[WhiteTeamCountry "GER"]
[BlackTeamCountry "GER"]

1. d4 Nf6 2. c4 e6 3. g3 Bb4+ 4. Bd2 Qe7 5. Bg2 Nc6 6. a3 Bxd2+ 7. Qxd2 a5 8. Nc3 d6 9. e4 0-0 10. Nge2 e5 11. d5 Nb8 12. b3 Na6 13. 0-0 Nc5 14. Qc2 Bd7 15. b4 Na6 16. Qb1 c6 17. Rd1 axb4 18. axb4 c5 19. bxc5 Nxc5 20. Qb6 Rfc8 21. Ra5 Ne8 22. Rda1 Rxa5 23. Rxa5 Qd8 24. Qxd8 Rxd8 25. f4 f6 26. Kf2 Nc7 27. Ke3 Ra8 28. Rxa8+ Nxa8 29. Nc1 Nc7 30. Nd3 N7a6 31. Nb5 Nxd3 32. Kxd3 Nc5+ 33. Kc3 Bxb5 34. cxb5 b6 35. Kc2 Kf7 36. Bf3 g6 37. fxe5 dxe5 38. g4 Nb7 39. Kc3 Nd6 40. Kb4 Ke7 41. h4 h6 42. Ka4 f5 43. gxf5 gxf5 44. Kb4 Nxe4 45. Bxe4 fxe4 46. h5 Kd7 47. Kc3 Kc7 48. Kd2 Kd6 49. Ke2 Kc5 50. Kd2 Kxb5 51. Ke3 Kc5 52. Kxe4 Kd6 53. Kf5 b5 54. Kg6 b4 55. Kxh6 b3 56. Kg7 b2 57. h6 b1Q 58. h7 Qh1 0-1

[Event "GER-ch (Women)"]
[Site "chess24.com INT"]
[Date "2019.05.27"]
[Round "2"]
[White "Perez Celis, Alba"]
[Black "Kopylov, Luba"]
[Result "0-1"]
[WhiteElo "1822"]
[BlackElo "2078"]
[PlyCount "140"]
[EventDate "2019.05.26"]
[EventType "swiss"]
[EventRounds "9"]
[EventCountry "GER"]
[SourceTitle "EXT 2020"]
[Source "ChessBase"]
[SourceDate "2019.10.17"]
[SourceVersion "1"]
[SourceVersionDate "2019.10.17"]
[SourceQuality "1"]
[WhiteTeam "Germany"]
[BlackTeam "Germany"]
[WhiteTeamCountry "GER"]
[BlackTeamCountry "GER"]

1. e4 b6 2. Nf3 Bb7 3. d3 g6 4. g3 Bg7 5. Bg2 c5 6. 0-0 d6 7. c3 e6 8. Re1 Ne7 9. d4 0-0 10. Nbd2 Qc7 11. Nf1 Na6 12. a3 Rac8 13. Bg5 h6 14. Bd2 Qb8 15. Qb3 Qa8 16. Bf4 Bxe4 17. Rxe4 Qxe4 18. Ng5 Qe2 19. Bf3 c4 20. Qa2 Qc2 21. Bd1 Qf5 22. Ne3 Qb5 23. Ne4 d5 24. Nd6 Qd7 25. Nxc8 Nxc8 26. Ng4 g5 27. Be5 f6 28. Bxf6 Bxf6 29. Nxh6+ Kg7 30. Ng4 Nd6 31. Bc2 Nb8 32. Re1 Nc6 33. Qb1 Qf7 34. Qd1 Nf5 35. Bb1 Nh6 36. Qc2 Rh8 37. Ne3 Ne7 38. Re2 Qh5 39. Nf1 Qh3 40. f4 gxf4 41. gxf4 Kf7 42. Rg2 Nhf5 43. Qe2 Rg8 44. Rxg8 Nxg8 45. Bxf5 Qxf5 46. Ng3 Qb1+ 47. Kg2 Ne7 48. Qh5+ Qg6 49. Qe2 Bh4 50. Kh3 Bxg3 51. hxg3 Qh7+ 52. Kg4 Qf5+ 53. Kf3 Qh5+ 54. g4 Qh3+ 55. Kf2 Qh2+ 56. Kf3 Qxe2+ 57. Kxe2 b5 58. Kd2 a5 59. Kc2 a4 60. Kd2 Kf6 61. Ke3 Nc6 62. Kf3 Na5 63. Kg3 Nb3 64. Kh4 Kg6 65. Kg3 Nc1 66. Kf3 Nd3 67. Ke3 Nxb2 68. Kd2 Nd3 69. Ke3 Kf6 70. Kf3 b4 0-1

[Event "GER-ch blitz (Women)"]
[Site "Magdeburg"]
[Date "2019.05.25"]
[Round "14"]
[White "Daemering, Katrin"]
[Black "Kopylov, Luba"]
[Result "0-1"]
[WhiteElo "2003"]
[BlackElo "2078"]
[PlyCount "128"]
[EventDate "2019.05.25"]
[EventType "tourn (blitz)"]
[EventRounds "29"]
[EventCountry "GER"]
[SourceTitle "CBM 190 Extra"]
[Source "ChessBase"]
[SourceDate "2019.07.15"]
[SourceVersion "1"]
[SourceVersionDate "2019.07.15"]
[SourceQuality "1"]

1. Nf3 Nf6 2. g3 d5 3. Bg2 g6 4. d3 Bg7 5. 0-0 c5 6. Na3 0-0 7. c4 e6 8. Rb1 Nc6 9. b3 a6 10. Bd2 b6 11. Nc2 Ra7 12. a3 b5 13. cxb5 axb5 14. Bc3 d4 15. Bd2 Ne7 16. Bf4 Ned5 17. Bd2 Bb7 18. Ra1 Qa8 19. b4 cxb4 20. axb4 Nc3 21. Bxc3 dxc3 22. Rxa7 Qxa7 23. Ne3 Nd5 24. Nc2 Ra8 25. e4 Ne7 26. Ne3 Nc6 27. Qb3 Qa4 28. Qxa4 Rxa4 29. Rc1 Nxb4 30. Ne1 Ra2 31. Nd1 c2 32. Ne3 Bb2 33. Rxc2 Nxc2 34. N3xc2 Bc3 35. Kf1 b4 36. Ne3 b3 37. Nd1 Bd4 38. Nf3 Bxf2 39. d4 Bxd4 40. Nxd4 Rd2 41. Nxb3 Rxd1+ 42. Ke2 Rb1 43. Nd2 Rb2 44. Ke3 Ba6 45. Nf3 Re2+ 46. Kf4 Rxg2 47. Ne5 f6 48. Nd7 Kf7 49. Nc5 Bc4 50. Ke3 Rxh2 51. Kd4 Bb5 52. Nb3 Rc2 53. Nc5 e5+ 54. Kd5 Bc4+ 55. Kd6 Rd2+ 56. Kc7 Ke7 57. Na4 Rc2 58. Kb6 Kd6 59. Ka5 Bb3 60. Nb6 Kc6 61. Na8 Kc5 62. Ka6 Kc6 63. Ka5 Rc4 64. Nb6 Rxe4 0-1

[Event "GER-ch blitz (Women)"]
[Site "Magdeburg"]
[Date "2019.05.25"]
[Round "2"]
[White "Kopylov, Luba"]
[Black "Fuchs, Judith"]
[Result "0-1"]
[WhiteElo "2078"]
[BlackElo "2218"]
[PlyCount "164"]
[EventDate "2019.05.25"]
[EventType "tourn (blitz)"]
[EventRounds "29"]
[EventCountry "GER"]
[SourceTitle "CBM 190 Extra"]
[Source "ChessBase"]
[SourceDate "2019.07.15"]
[SourceVersion "1"]
[SourceVersionDate "2019.07.15"]
[SourceQuality "1"]

1. d4 Nf6 2. c4 c5 3. d5 b5 4. cxb5 a6 5. b6 d6 6. Nc3 Nbd7 7. a4 Qxb6 8. a5 Qa7 9. e4 g6 10. Nf3 Bg7 11. Be2 0-0 12. 0-0 Rb8 13. Nd2 Ne8 14. Nc4 Nc7 15. Na4 Nb5 16. Nab6 Nd4 17. Bd3 Nxb6 18. Nxb6 Be5 19. f4 Bg7 20. h3 Qc7 21. Qe1 Nb3 22. Rb1 Nxc1 23. Qxc1 Qa7 24. Kh1 Rd8 25. b4 Bd4 26. f5 Bd7 27. fxg6 hxg6 28. Qf4 Rf8 29. bxc5 Bxc5 30. Qh6 Bxb6 31. axb6 Rxb6 32. Rxb6 Qxb6 33. Rf4 Qb2 34. Rh4 Qg7 35. Qg5 f6 36. Qd2 Ra8 37. Qa5 g5 38. Rg4 Bxg4 39. hxg4 Qh6+ 40. Kg1 Qg6 41. Qb6 Qe8 42. Bxa6 Qd8 43. Qc6 Qb8 44. Bb7 Ra7 45. Ba6 Rc7 46. Qa4 Qb6+ 47. Kh2 Ra7 48. Bb5 Qc5 49. Qb3 Rb7 50. Qa4 Qxb5 51. Qa8+ Rb8 52. Qa2 Kg7 53. Qf2 Rh8+ 54. Kg3 Qd3+ 55. Qf3 Qxf3+ 56. Kxf3 Ra8 57. Kg3 Ra3+ 58. Kh2 Kf8 59. g3 Re3 60. Kh3 Rxe4 61. Kg2 Rxg4 62. Kh3 Rd4 63. g4 Rd3+ 64. Kh2 Ke8 65. Kg2 Kd7 66. Kf2 Kc7 67. Ke2 Ra3 68. Kd2 Kb6 69. Kc2 Rh3 70. Kd2 Kc5 71. Ke2 Kd4 72. Kf2 Rb3 73. Ke2 Ra3 74. Kf2 Ke4 75. Ke2 Ra2+ 76. Kd1 Ke3 77. Kc1 Rh2 78. Kb1 Kd3 79. Ka1 Kc3 80. Kb1 Rg2 81. Ka1 Kb3 82. Kb1 Rg1# 0-1

[Event "GER-ch blitz (Women)"]
[Site "Magdeburg"]
[Date "2019.05.25"]
[Round "13"]
[White "Kopylov, Luba"]
[Black "Kreismann, Franziska"]
[Result "1-0"]
[WhiteElo "2078"]
[BlackElo "1589"]
[PlyCount "61"]
[EventDate "2019.05.25"]
[EventType "tourn (blitz)"]
[EventRounds "29"]
[EventCountry "GER"]
[SourceTitle "CBM 190 Extra"]
[Source "ChessBase"]
[SourceDate "2019.07.15"]
[SourceVersion "1"]
[SourceVersionDate "2019.07.15"]
[SourceQuality "1"]

1. d4 g6 2. c4 Bg7 3. e4 d6 4. Nc3 Nf6 5. f3 0-0 6. Be3 Re8 7. Qd2 e5 8. Nge2 exd4 9. Nxd4 Bd7 10. g4 Nc6 11. h4 Nxd4 12. Bxd4 c5 13. Be3 Bc6 14. h5 Qc7 15. 0-0-0 Rad8 16. Bh6 Nd7 17. Bxg7 Kxg7 18. hxg6 fxg6 19. Qh6+ Kf6 20. g5+ Ke5 21. Ne2 Nf8 22. Qh2+ Ke6 23. Nf4+ Ke7 24. Qh6 Rd7 25. Bh3 Kd8 26. Bxd7 Qxd7 27. Nd5 Qf7 28. Qh2 Nd7 29. Qxd6 Bxd5 30. Rxd5 Re7 31. Qb8# 1-0

[Event "GER-ch blitz (Women)"]
[Site "Magdeburg"]
[Date "2019.05.25"]
[Round "4"]
[White "Kopylov, Luba"]
[Black "Ries, Jutta"]
[Result "0-1"]
[WhiteElo "2078"]
[BlackElo "2017"]
[PlyCount "40"]
[EventDate "2019.05.25"]
[EventType "tourn (blitz)"]
[EventRounds "29"]
[EventCountry "GER"]
[SourceTitle "CBM 190 Extra"]
[Source "ChessBase"]
[SourceDate "2019.07.15"]
[SourceVersion "1"]
[SourceVersionDate "2019.07.15"]
[SourceQuality "1"]

1. d4 Nf6 2. c4 c5 3. d5 b5 4. cxb5 a6 5. b6 Bb7 6. Nc3 e6 7. e4 Qxb6 8. Nf3 exd5 9. e5 Ne4 10. Nxd5 Qa5+ 11. Nc3 Nxc3 12. Qd2 Bxf3 13. gxf3 Nc6 14. bxc3 Nxe5 15. Qe3 Bd6 16. f4 0-0 17. fxe5 Bxe5 18. Bd2 Rfe8 19. Be2 d5 20. Rg1 Qc7 0-1

[Event "GER-ch blitz (Women)"]
[Site "Magdeburg"]
[Date "2019.05.25"]
[Round "6"]
[White "Kopylov, Luba"]
[Black "Schulze, Lara"]
[Result "0-1"]
[WhiteElo "2078"]
[BlackElo "2160"]
[PlyCount "65"]
[EventDate "2019.05.25"]
[EventType "tourn (blitz)"]
[EventRounds "29"]
[EventCountry "GER"]
[SourceTitle "CBM 190 Extra"]
[Source "ChessBase"]
[SourceDate "2019.07.15"]
[SourceVersion "1"]
[SourceVersionDate "2019.07.15"]
[SourceQuality "1"]

1. d4 Nf6 2. c4 e6 3. Nc3 Bb4 4. e3 b6 5. Nge2 c5 6. a3 Ba5 7. dxc5 bxc5 8. Qa4 Nc6 9. Bd2 0-0 10. e4 Rb8 11. e5 Nxe5 12. Nc1 Rxb2 13. Nb3 Rxd2 14. Nxa5 Rd4 15. Nb3 Ne4 16. Nb5 Nd3+ 17. Bxd3 Rxd3 18. Ke2 a6 19. Kxd3 axb5 20. Qxb5 Nxf2+ 21. Ke2 Nxh1 22. Rxh1 d6 23. Na5 Qh4 24. Qc6 Qg4+ 25. Qf3 Qd4 26. Rd1 Qb2+ 27. Rd2 Qb6 28. Nc6 Bb7 29. Rxd6 Qb2+ 30. Rd2 Qb6 31. Ne7+ Kh8 32. Qh3 Qc7 33. Qh4 0-1

[Event "GER-ch blitz (Women)"]
[Site "Magdeburg"]
[Date "2019.05.25"]
[Round "15"]
[White "Kopylov, Luba"]
[Black "Sieber, Fiona"]
[Result "0-1"]
[WhiteElo "2078"]
[BlackElo "2250"]
[PlyCount "102"]
[EventDate "2019.05.25"]
[EventType "tourn (blitz)"]
[EventRounds "29"]
[EventCountry "GER"]
[SourceTitle "CBM 190 Extra"]
[Source "ChessBase"]
[SourceDate "2019.07.15"]
[SourceVersion "1"]
[SourceVersionDate "2019.07.15"]
[SourceQuality "1"]

1. d4 Nf6 2. c4 e6 3. Nc3 Bb4 4. e3 0-0 5. Nge2 d5 6. a3 Be7 7. cxd5 exd5 8. Ng3 Re8 9. Bd3 c6 10. 0-0 Nbd7 11. b4 Nf8 12. Bb2 Ng6 13. Qc2 Nh4 14. Na4 Bd6 15. Nc5 Qc7 16. Rac1 g6 17. e4 dxe4 18. Ncxe4 Nxe4 19. Bxe4 Bf4 20. Rce1 Be6 21. Qc3 f6 22. d5 Be5 23. Qc1 cxd5 24. Qxc7 Bxc7 25. Bxf6 dxe4 26. Bxh4 Bd5 27. Bg5 Kg7 28. Rd1 Bc6 29. Rfe1 Re6 30. Rd4 Rae8 31. Nf1 Bb6 32. Rd2 Rf8 33. Be3 Bxe3 34. Nxe3 Re7 35. Nc4 a6 36. Nb2 b6 37. a4 Rc8 38. Rc1 Kf6 39. Rd6+ Re6 40. Rxe6+ Kxe6 41. Kf1 Bb5+ 42. Nc4 Bxa4 43. Ke1 Bb5 44. Kd2 Rxc4 45. Re1 Kd5 46. Rd1 Rd4+ 47. Kc2 Ba4+ 48. Kb2 Rxd1 49. Ka3 b5 50. Kb2 Rd2+ 51. Kc3 Rc2# 0-1

[Event "GER-ch blitz (Women)"]
[Site "Magdeburg"]
[Date "2019.05.25"]
[Round "19"]
[White "Kopylov, Luba"]
[Black "Siegl, Melina"]
[Result "0-1"]
[WhiteElo "2078"]
[BlackElo "2029"]
[PlyCount "62"]
[EventDate "2019.05.25"]
[EventType "tourn (blitz)"]
[EventRounds "29"]
[EventCountry "GER"]
[SourceTitle "CBM 190 Extra"]
[Source "ChessBase"]
[SourceDate "2019.07.15"]
[SourceVersion "1"]
[SourceVersionDate "2019.07.15"]
[SourceQuality "1"]

1. d4 f5 2. Bg5 d6 3. e3 g6 4. c3 Bg7 5. Nd2 c6 6. Bd3 Nf6 7. Qc2 0-0 8. Ngf3 Qe8 9. 0-0-0 e5 10. dxe5 dxe5 11. Bc4+ Kh8 12. h4 b5 13. Bb3 Nh5 14. Nf1 Nd7 15. Ng3 Nxg3 16. fxg3 h6 17. h5 Nc5 18. hxg6 Nxb3+ 19. Qxb3 Qxg6 20. Be7 Be6 21. Nh4 Qf7 22. Qb4 Rfe8 23. Bc5 a5 24. Qa3 b4 25. cxb4 axb4 26. Qd3 Rxa2 27. g4 e4 28. gxf5 exd3 29. Ng6+ Kh7 30. fxe6 Qxg6 31. Rd2 Ra1# 0-1

[Event "GER-ch blitz (Women)"]
[Site "Magdeburg"]
[Date "2019.05.25"]
[Round "23"]
[White "Kopylov, Luba"]
[Black "Silz, Elisa"]
[Result "0-1"]
[WhiteElo "2078"]
[BlackElo "1977"]
[PlyCount "100"]
[EventDate "2019.05.25"]
[EventType "tourn (blitz)"]
[EventRounds "29"]
[EventCountry "GER"]
[SourceTitle "CBM 190 Extra"]
[Source "ChessBase"]
[SourceDate "2019.07.15"]
[SourceVersion "1"]
[SourceVersionDate "2019.07.15"]
[SourceQuality "1"]

1. d4 Nf6 2. c4 g6 3. Nc3 Bg7 4. e4 d6 5. f3 0-0 6. Be3 a6 7. Qd2 b6 8. Nge2 c5 9. g4 cxd4 10. Nxd4 Nfd7 11. h4 Bb7 12. h5 Ne5 13. Bh6 Nbc6 14. Bxg7 Nxd4 15. Qh6 Ndxf3+ 16. Kd1 Nxg4 17. Qf4 Nf2+ 18. Kc2 Nd4+ 19. Bxd4 e5 20. Qh6 Nxh1 21. hxg6 fxg6 22. Bh3 exd4 23. Be6+ Kh8 24. Rxh1 Qe7 25. Nd5 Bxd5 26. exd5 Qg7 27. Qg5 Qf6 28. Qh6 Ra7 29. Rh2 Qf4 30. Qxf4 Rxf4 31. Kd3 Kg7 32. a4 Kf6 33. b4 h5 34. a5 bxa5 35. bxa5 Rb7 36. Bc8 Rb3+ 37. Kc2 Rc3+ 38. Kd2 Ra3 39. Rh1 Rff3 40. Bxa6 Ra2+ 41. Ke1 Ra1+ 42. Ke2 Re3+ 43. Kd2 Rxh1 44. c5 dxc5 45. Bc4 Ra1 46. a6 g5 47. d6 g4 48. d7 Ke7 49. Bb5 g3 50. d8Q+ Kxd8 0-1

[Event "GER-ch blitz (Women)"]
[Site "Magdeburg"]
[Date "2019.05.25"]
[Round "3"]
[White "Lubbe, Melanie"]
[Black "Kopylov, Luba"]
[Result "1-0"]
[WhiteElo "2278"]
[BlackElo "2078"]
[PlyCount "63"]
[EventDate "2019.05.25"]
[EventType "tourn (blitz)"]
[EventRounds "29"]
[EventCountry "GER"]
[SourceTitle "CBM 190 Extra"]
[Source "ChessBase"]
[SourceDate "2019.07.15"]
[SourceVersion "1"]
[SourceVersionDate "2019.07.15"]
[SourceQuality "1"]

1. d4 Nf6 2. Nc3 g6 3. e4 d6 4. Be3 Bg7 5. f3 0-0 6. Qd2 Nbd7 7. Nge2 c5 8. g4 cxd4 9. Nxd4 Ne5 10. 0-0-0 Qa5 11. Kb1 Be6 12. Nd5 Qd8 13. Nxe6 fxe6 14. Nf4 Nxf3 15. Qg2 Ng5 16. Bc4 Qc8 17. Bb3 Kh8 18. h4 Ngxe4 19. Nxe6 Nc3+ 20. bxc3 Qxc3 21. Bd4 Qc6 22. Qxc6 bxc6 23. Nxg7 e5 24. Ne6 exd4 25. Nxf8 Rxf8 26. Rxd4 d5 27. c4 c5 28. Rf4 Kg7 29. Rhf1 dxc4 30. Bxc4 Rb8+ 31. Kc2 Rb6 32. g5 1-0

[Event "GER-ch blitz (Women)"]
[Site "Magdeburg"]
[Date "2019.05.25"]
[Round "9"]
[White "Zimmer, Elke"]
[Black "Kopylov, Luba"]
[Result "0-1"]
[WhiteElo "1926"]
[BlackElo "2078"]
[PlyCount "52"]
[EventDate "2019.05.25"]
[EventType "tourn (blitz)"]
[EventRounds "29"]
[EventCountry "GER"]
[SourceTitle "CBM 190 Extra"]
[Source "ChessBase"]
[SourceDate "2019.07.15"]
[SourceVersion "1"]
[SourceVersionDate "2019.07.15"]
[SourceQuality "1"]

1. e4 c5 2. Nc3 d6 3. g3 g6 4. Bg2 Bg7 5. d3 e6 6. Be3 Ne7 7. Qd2 Nbc6 8. Bh6 0-0 9. Bxg7 Kxg7 10. Nge2 Rb8 11. 0-0 b5 12. f4 b4 13. Nd1 Qb6 14. Qe3 f5 15. Nf2 d5 16. e5 d4 17. Qd2 Na5 18. h3 c4 19. Rfe1 c3 20. bxc3 dxc3 21. Qc1 Bb7 22. d4 Bxg2 23. Kxg2 Qc6+ 24. Kg1 Qf3 25. Qd1 Nd5 26. Qd3 Ne3 0-1

[Event "BL2 West 1819 (Women)"]
[Site "Germany"]
[Date "2018.10.27"]
[Round "1.2"]
[White "Limbourg, Marina"]
[Black "Kopylov, Luba"]
[Result "0-1"]
[WhiteElo "2010"]
[BlackElo "2079"]
[PlyCount "82"]
[EventDate "2018.10.27"]
[EventType "team-tourn"]
[EventRounds "7"]
[EventCountry "GER"]
[SourceTitle "CBM 190 Extra"]
[Source "ChessBase"]
[SourceDate "2019.07.15"]
[SourceVersion "1"]
[SourceVersionDate "2019.07.15"]
[SourceQuality "1"]
[WhiteTeam "Muelheim Nord (W)"]
[BlackTeam "Kiel Doppelbauer (W)"]
[WhiteTeamCountry "GER"]
[BlackTeamCountry "GER"]

1. e4 Nc6 2. Nc3 Nf6 3. d4 d6 4. d5 Ne5 5. f4 Ng6 6. Nf3 e6 7. dxe6 fxe6 8. Bc4 c6 9. Ng5 d5 10. e5 Bb4 11. exf6 gxf6 12. Bd3 fxg5 13. Qh5 Qf6 14. 0-0 0-0 15. Bd2 Qg7 16. fxg5 Bd7 17. Kh1 Bd6 18. Ne2 e5 19. Bc3 b5 20. a3 c5 21. Bxg6 hxg6 22. Qh4 d4 23. Bd2 Bf5 24. Ng3 Qh7 25. Nxf5 gxf5 26. Qg3 Qg6 27. Qb3+ Kg7 28. Rf3 Rh8 29. Qxb5 Raf8 30. Raf1 e4 31. Bf4 Rf7 32. Bxd6 Qxd6 33. Rf4 Rb8 34. Qe2 Rxb2 35. Rxf5 Rxf5 36. Rxf5 Rb1+ 37. Rf1 d3 38. cxd3 exd3 39. Qf3 Rxf1+ 40. Qxf1 d2 41. Qd1 Qd4 0-1

[Event "BL 1718 (Women)"]
[Site "Germany"]
[Date "2018.03.24"]
[Round "10.2"]
[White "Kopylov, Luba"]
[Black "Agrest, Inna"]
[Result "0-1"]
[WhiteElo "2115"]
[BlackElo "2271"]
[PlyCount "74"]
[EventDate "2017.10.01"]
[EventType "team-tourn"]
[EventRounds "11"]
[EventCountry "GER"]
[SourceTitle "EXT 2019"]
[Source "ChessBase"]
[SourceDate "2018.10.10"]
[SourceVersion "1"]
[SourceVersionDate "2018.10.10"]
[SourceQuality "1"]
[WhiteTeam "Kiel Doppelbauer (W)"]
[BlackTeam "Hofheim (W)"]
[WhiteTeamCountry "GER"]
[BlackTeamCountry "GER"]

1. d4 Nf6 2. g3 g6 3. Bg2 Bg7 4. c4 0-0 5. Nc3 d6 6. Nf3 Nbd7 7. 0-0 a6 8. e4 e5 9. dxe5 dxe5 10. b3 Re8 11. Bb2 c6 12. Qd2 b5 13. Rfd1 Qb6 14. Rac1 Bf8 15. Ne1 Ng4 16. cxb5 Nxf2 17. Na4 Nh3+ 18. Kf1 Qg1+ 19. Ke2 Nf6 20. Qe3 Bg4+ 21. Bf3 Qxe3+ 22. Kxe3 Bh6+ 23. Ke2 Ng1+ 24. Kf2 Nxf3 25. Nxf3 Nxe4+ 26. Kg2 Bxc1 27. Rxc1 axb5 28. Nxe5 Be6 29. Nb6 Rxa2 30. Nd3 Rd8 31. Kf3 Rxd3+ 32. Kxe4 Bf5+ 33. Ke5 Rxb2 34. Rxc6 Kg7 35. g4 Re2+ 36. Kf4 Re4+ 37. Kg5 Rxg4# 0-1